[Event "Rheinland Pfalz op 6th"]
[Site "Gau Algesheim"]
[Date "2014.06.21"]
[Round "5"]
[White "Girg, Rolf"]
[Black "Britz, Hans"]
[Result "1-0"]
[WhiteElo "1712"]
[BlackElo "1448"]
[PlyCount "69"]
[EventDate "2014.06.19"]
[EventType "swiss"]
[EventRounds "7"]
[EventCountry "GER"]
[SourceTitle "CBM 161 Extra"]
[Source "ChessBase"]
[SourceDate "2014.08.29"]
[SourceVersion "1"]
[SourceVersionDate "2014.08.29"]
[SourceQuality "1"]

1. d4 g6 2. c4 Bg7 3. Nf3 c5 4. e3 Nf6 5. Qc2 cxd4 6. Nxd4 Nc6 7. Be2 0-0 8. 0-0 Qb6 9. Rd1 Nxd4 10. exd4 d6 11. Be3 Bf5 12. Bd3 Bxd3 13. Rxd3 Ng4 14. Rb3 Nxe3 15. fxe3 Qc6 16. Nd2 b6 17. Rc1 e5 18. Qd3 f5 19. dxe5 Bxe5 20. Nf3 Rac8 21. Rb5 Rfe8 22. b3 a6 23. Rd5 b5 24. Nxe5 dxe5 25. c5 Re6 26. b4 Rc7 27. Rd1 Kg7 28. Rd6 Rxd6 29. Qxd6 Qxd6 30. Rxd6 Ra7 31. Rb6 a5 32. c6 Kh6 33. Rb7 Ra8 34. c7 Rc8 35. bxa5 1-0

[Event "Rheinland Pfalz op 6th"]
[Site "Gau Algesheim"]
[Date "2014.06.19"]
[Round "2"]
[White "Erlekam, Simon"]
[Black "Britz, Hans"]
[Result "1-0"]
[WhiteElo "1791"]
[BlackElo "1448"]
[PlyCount "43"]
[EventDate "2014.06.19"]
[EventType "swiss"]
[EventRounds "7"]
[EventCountry "GER"]
[SourceTitle "CBM 161 Extra"]
[Source "ChessBase"]
[SourceDate "2014.08.29"]
[SourceVersion "1"]
[SourceVersionDate "2014.08.29"]
[SourceQuality "1"]

1. e4 g6 2. d4 Bg7 3. Nf3 c5 4. Nc3 cxd4 5. Nxd4 Qb6 6. Nb3 Qb4 7. Bd2 Bxc3 8. Bxc3 Qxe4+ 9. Be2 Nf6 10. 0-0 0-0 11. Bf3 Qh4 12. Re1 Nc6 13. Qe2 Re8 14. Rad1 d5 15. g3 Qg5 16. h4 Qf5 17. Bxf6 Qxf6 18. Bxd5 Nb4 19. Qb5 Nc6 20. Na5 Bd7 21. Qxb7 Nxa5 22. Qxd7 1-0

[Event "Rheinland Pfalz op 6th"]
[Site "Gau Algesheim"]
[Date "2014.06.19"]
[Round "1"]
[White "Schloeffel, Christian"]
[Black "Britz, Hans"]
[Result "1-0"]
[WhiteElo "1906"]
[BlackElo "1448"]
[PlyCount "41"]
[EventDate "2014.06.19"]
[EventType "swiss"]
[EventRounds "7"]
[EventCountry "GER"]
[SourceTitle "CBM 161 Extra"]
[Source "ChessBase"]
[SourceDate "2014.08.29"]
[SourceVersion "1"]
[SourceVersionDate "2014.08.29"]
[SourceQuality "1"]

1. e4 g6 2. d4 Bg7 3. f4 c5 4. c3 cxd4 5. cxd4 Qb6 6. Nf3 Nc6 7. e5 d5 8. Nc3 e6 9. Nb5 Bf8 10. Qb3 Qd8 11. Bd2 a6 12. Nc3 Na5 13. Qc2 Bd7 14. Bd3 Rc8 15. h4 Bb5 16. h5 Bxd3 17. Qxd3 Ne7 18. hxg6 Nxg6 19. f5 exf5 20. Qxf5 Bg7 21. Ng5 1-0